| 000 | 00919aam a2200217 a 4500 | ||
|---|---|---|---|
| 001 | 000006439 | ||
| 005 | 20200929153930.0 | ||
| 008 | 850510s1982 cl br i001 0 spa | ||
| 040 |
_aDO-SdBNP _bspa _cBNPHU |
||
| 082 |
_a016.98331 _bG943a |
||
| 245 | 0 | 0 |
_aGuía de los archivos históricos de Santiago / _cJuan Eyzaguirre Escobar ... [et al.]. |
| 260 |
_aSantiago : _bInstituto Panamericano de Geografía e Historia, Sección Chilena. Comisión de Historia/Comité de Archivos, _c1982. |
||
| 300 |
_a100 p. ; _c21 cm. |
||
| 504 | _aBibliografía : p. 8-9. | ||
| 650 | 4 |
_aArchivos _zChile _zSantiago _xDirectorios _917873 |
|
| 700 | 1 |
_aEyzaguirre Escobar, Juan. _917874 |
|
| 700 | 1 |
_aGonzález Echenique, Javier. _917875 |
|
| 700 | 1 |
_aMatte Varas, José Joaquín. _917876 |
|
| 700 | 1 |
_aRamírez Ramírez, Ramón. _917877 |
|
| 710 | 1 |
_aInstituto Panamericano de Geografía e Historia. _bComité de Archivos Históricos. _917878 |
|
| 999 |
_c6234 _d6234 |
||